LEADER 01146cam0 22003611i 450 001 990006441520403321 005 20180514123110.0 010 $a87-7492-543-1 035 $a000644152 035 $aFED01000644152 035 $a(Aleph)000644152FED01 035 $a000644152 100 $a20010410d1985----km-y0itay50------ba 101 0 $adan 102 $aDK 105 $aa-------001yy 200 1 $aAlfred den Store, Danmarks geografi$een undersogelse af fire afsnit i Den gamle engelske Orosius$fved Ove Jorgensen 210 $aOdense$cOdense University Press$d1985 215 $a166 p.$cill.$d22 cm 225 1 $aNowele$iSupplement$v1 610 0 $aAlfredo 610 0 $aOrosius, Paulus . Historiae adversus paganos 610 0 $aDanimarca$aStoria 610 0 $aNavigazione$aEuropa settentrionale$aStoria 676 $a948.9 700 1$aJorgensen,$bOve$0408474 801 0$aIT$bUNINA$gRICA$2UNIMARC 901 $aBK 912 $a990006441520403321 952 $aDAN. 4$fFLFBC 959 $aFLFBC 996 $aAlfred den Store, Danmarks geografi$9650298 997 $aUNINA LEADER 01427aam 2200397I 450 001 9910709918703321 005 20151118015316.0 024 8 $aGOVPUB-C13-8753a79dba0750c243f7f349ce48cbce 035 $a(CKB)5470000002475083 035 $a(OCoLC)929878853 035 $a(EXLCZ)995470000002475083 100 $a20151118d1978 ua 0 101 0 $aeng 181 $2rdacontent 182 $2rdamedia 183 $2rdacarrier 200 10$aCollaborative reference program for color and appearance $eColor and color difference Report no. 22 /$fJ. Horlick; J. Stevenson 210 1$aGaithersburg, MD :$cU.S. Dept. of Commerce, National Institute of Standards and Technology,$d1978. 215 $a1 online resource 225 1 $aNBSIR ;$v78-1333 300 $a1978. 300 $aContributed record: Metadata reviewed, not verified. Some fields updated by batch processes. 300 $aTitle from PDF title page. 320 $aIncludes bibliographical references. 517 $aCollaborative reference program for color and appearance 700 $aHorlick$b J$01386491 701 $aHorlick$b J$01386491 701 $aStevenson$b J$0390082 712 02$aUnited States.$bNational Bureau of Standards. 801 0$bNBS 801 1$bNBS 801 2$bGPO 906 $aBOOK 912 $a9910709918703321 996 $aCollaborative reference program for color and appearance$93436260 997 $aUNINA